Difference methods for initial-value problems /

Guardado en:
Autor Principal: Richtmyer, Robert D.
Otros Autores: Morton, K. W.
Formato: Libro
Idioma:English
Publicado: New York : Interscience Publishers, c1967.
Edición:2nd ed.
Series:Interscience tracts in pure and applied mathematics ; no. 4
Materias:
Etiquetas: Agregar Etiqueta
Sin Etiquetas, Sea el primero en etiquetar este registro!
LEADER 00920cam a22002771a 4500
001 MAT.inmabb002810
008 840712s1967####nyua#####b####000#0#eng##
005 20110913112442.0
245 1 0 |a Difference methods for initial-value problems /  |c Robert D. Richtmyer, K.W. Morton. 
250 |a 2nd ed. 
260 |a New York :  |b Interscience Publishers,  |c c1967. 
300 |a xiv, 405 p. :  |b il. ;  |c 24 cm. 
440 0 |a Interscience tracts in pure and applied mathematics ;  |v no. 4 
504 |a Bibliografía: p. 389-399. 
510 4 |a MR,  |c 36 #3515 
020 |a 0470720409 
100 1 |a Richtmyer, Robert D. 
700 1 |a Morton, K. W. 
650 0 |a Difference equations. 
650 0 |a Numerical analysis. 
650 0 |a Initial value problems. 
650 0 |a Mathematical physics. 
084 |a 65-02 (65Jxx 65Mxx)  |2 msc2000 
010 |a  67013959  
040 |a DLC/ICU  |c ICU  |d DLC 
859 |h 65  |i R537  |p A-5287  |b BIB. MATEMATICA